Helicópteros (Record no. 62149)

MARC details
000 -LEADER
campo de control de longitud fija 00514nam a2200157 i 4500
001 - NÚMERO DE CONTROL
campo de control 62149
003 - IDENTIFICADOR DE NÚMERO DE CONTROL
campo de control ES-MaACL
007 - CAMPO FIJO DE DESCRIPCIÓN FÍSICA--INFORMACIÓN GENERAL
campo de control de longitud fija t|
008 - DATOS DE LONGITUD FIJA--INFORMACIÓN GENERAL
campo de control de longitud fija 031118s1983 sp ||||1| spa d
100 1# - ENTRADA PRINCIPAL--NOMBRE DE PERSONA
Nombre de persona Fay, John.
9 (RLIN) 49015
245 10 - MENCIÓN DEL TÍTULO
Título Helicópteros
Resto del título : cómo vuelan, pilotaje, historia /
Mención de responsabilidad, etc. John Fay ; [traducido por Juan Francisco Alvarez Hidalgo].
260 ## - PUBLICACIÓN, DISTRIBUCIÓN, ETC.
Lugar de publicación, distribución, etc. Madrid :
Nombre del editor, distribuidor, etc. Paraninfo,
Fecha de publicación, distribución, etc. 1983.
300 ## - DESCRIPCIÓN FÍSICA
Extensión 223 p. :
Otras características físicas il. ;
Dimensiones 22 cm.
700 1# - ENTRADA AGREGADA--NOMBRE PERSONAL
Nombre de persona Alvarez Hidalgo, Juan Francisco.
9 (RLIN) 20841
852 ## - LOCALIZACIÓN
Ubicación ES-MaACL
Número de control de estantería L-6545
Sublocalización o colección R.107144
Holdings
Estatus retirado Estado de pérdida Estado de daño No para préstamo Biblioteca de origen Biblioteca actual Ubicación en estantería Fecha de adquisición Fuente de adquisición Total de préstamos Signatura topográfica completa Código de barras Visto por última vez Precio de reemplazo Tipo de ítem Koha
        Biblioteca del Ateneo de Madrid Biblioteca del Ateneo de Madrid Depósito 2 17/01/2008     L-6545 1065156 23/02/2023 23/02/2023 Libro impreso